Equipe de France de Football - Tous les joueurs depuis 2000 - Statistiques

Statistiques générales
  • Ce quiz a été pris 1 262 fois
    411 depuis la dernière actualisation
  • Le résultat moyen est 115 sur 209
Statistiques - réponses
Première
sélection
Dernière
sélection
Joueur % Correct
1994 2006 Zinédine Zidane
96%
2008 2022 Hugo Lloris
95%
2014 2024 Antoine Griezmann
94%
2017 - Kylian Mbappé
94%
2007 2022 Karim Benzema
93%
2023 - Khéphren Thuram
93%
1994 2008 Lilian Thuram
93%
2018 - Lucas Hernandez
93%
2020 - Marcus Thuram
93%
2016 - N'Golo Kanté
93%
2011 2024 Olivier Giroud
93%
2013 - Paul Pogba
93%
1997 2010 Thierry Henry
93%
1989 2000 Didier Deschamps
91%
2021 - Théo Hernandez
91%
1994 2006 Fabien Barthez
89%
2016 - Ousmane Dembélé
89%
2008 2022 Steve Mandanda
89%
1989 2000 Laurent Blanc
86%
2013 2022 Raphaël Varane
86%
2016 2019 Samuel Umtiti
85%
2021 - Aurélien Tchouaméni
84%
2020 - Dayot Upamecano
84%
1990 2003 Emmanuel Petit
83%
2018 - Alphonse Aréola
82%
2017 - Benjamin Pavard
82%
2010 2019 Blaise Matuidi
82%
2017 - Corentin Tolisso
82%
2006 2014 Franck Ribéry
82%
2014 - Lucas Digne
82%
2010 2018 Adil Rami
81%
1998 2008 David Trezeguet
81%
2017 2019 Florian Thauvin
81%
2022 - Ibrahima Konaté
81%
2016 - Adrien Rabiot
80%
2020 - Eduardo Camavinga
80%
2004 2016 Patrice Evra
80%
2021 - Jules Koundé
79%
2020 - Mike Maignan
79%
2007 2013 Samir Nasri
79%
2017 2019 Benjamin Mendy
78%
2004 2004 Bernard Mendy
78%
2018 - Ferland Mendy
78%
1997 2010 Patrick Vieira
78%
2025 - Rayan Cherki
78%
1992 2004 Bixente Lizarazu
77%
2007 2016 Bacary Sagna
76%
2007 2015 Hatem Ben Arfa
76%
2015 - Kingsley Coman
76%
1993 2004 Marcel Desailly
76%
2025 - Désiré Doué
75%
2024 - Michael Olise
75%
2015 2020 Nabil Fekir
75%
2009 2016 André-Pierre Gignac
74%
2024 - Bradley Barcola
74%
1995 2008 Claude Makélélé
74%
2008 2013 Yoann Gourcuff
74%
2011 2018 Laurent Koscielny
73%
2010 2015 Mathieu Valbuena
73%
1998 2010 Nicolas Anelka
73%
2022 - William Saliba
73%
2023 - Brice Samba
72%
2010 2018 Dimitri Payet
72%
2025 - Lucas Chevalier
72%
2017 2020 Steven Nzonzi
72%
2010 2016 Mamadou Sakho
71%
2023 - Wesley Fofana
71%
2022 - Youssouf Fofana
71%
2013 2017 Alexandre Lacazette
69%
2004 2010 Florent Malouda
68%
2016 - Thomas Lemar
68%
1993 2002 Youri Djorkaeff
68%
2009 2021 Moussa Sissoko
66%
2018 2022 Presnel Kimpembe
66%
2023 - Warren Zaïre-Emery
66%
2004 2012 Alou Diarra
65%
2007 2016 Lassana Diarra
65%
2022 - Randan Kolo-Muani
65%
2010 2016 Yohan Cabaye
65%
2016 2018 Djibril Sidibé
64%
2023 - Malo Gusto
64%
1996 2004 Robert Pirès
64%
1993 2000 Bernard Lama
63%
2002 2012 Philippe Mexès
63%
2010 2015 Stéphane Ruffier
63%
1994 2002 Christophe Dugarry
62%
2007 2012 Abou Diaby
61%
2019 - Clément Lenglet
61%
2002 2011 Djibril Cissé
61%
2004 2013 Eric Abidal
61%
1995 2002 Frank Leboeuf
61%
2025 - Jean-Philippe Mateta
61%
2021 - Mattéo Guendouzi
61%
2021 - Moussa Diaby
61%
2016 2016 Benoît Costil
60%
2006 2010 Jérémie Toulalan
60%
2022 - Christopher Nkunku
59%
2010 2013 Jérémy Ménez
58%
2002 2011 William Gallas
58%
2015 - Anthony Martial
57%
2012 2017 Christophe Jallet
57%
2001 2008 Grégory Coupet
57%
2022 - Jonathan Clauss
57%
2024 - Manu Koné
57%
2002 2010 Sidney Govou
57%
2018 2022 Wissam Ben Yedder
57%
2022 - Axel Disasi
56%
1992 2002 Christian Karembeu
56%
2025 - Hugo Ekitiké
56%
2011 2015 Mathieu Debuchy
56%
2000 2008 Willy Sagnol
56%
2008 2013 Gaël Clichy
55%
2011 2016 Jérémy Mathieu
55%
2021 - Jordan Veretout
55%
1999 2006 Sylvain Wiltord
55%
2008 2013 Bafétimbi Gomis
54%
2025 - Maghnès Akliouche
54%
2020 2020 Houssem Aouar
53%
2001 2007 Mickaël Landreau
53%
2019 2021 Léo Dubois
52%
2011 2012 Marvin Martin
52%
2014 2015 Morgan Schneiderlin
51%
2009 2014 Loïc Rémy
50%
2012 2015 Benoît Trémoulinas
49%
2014 2014 Rémy Cabella
49%
2022 - Benoît Badiashile
48%
2022 - Boubacar Kamara
48%
2003 2012 Anthony Réveillère
47%
2015 2021 Kurt Zouma
46%
2014 2019 Layvin Kurzawa
46%
2004 2014 Rio Antonio Mavuba
46%
2011 2011 Cédric Carrasso
45%
2000 2005 Ludovic Giuly
45%
2010 2017 Kévin Gameiro
43%
2013 2014 Clément Grenier
42%
2004 2010 Sébastien Squillaci
42%
2018 - Tanguy Ndombele
42%
2013 2016 Eliaquim Mangala
41%
2010 2011 Guillaume Hoarau
41%
2010 2012 Yann M'Vila
41%
2012 2012 Clément Chantôme
40%
1997 2002 Alain Boghossian
39%
2019 2019 Jonathan Ikoné
39%
2004 2010 Louis Saha
39%
2011 2015 Maxime Gonalons
39%
2017 2017 Tiémoué Bakayoko
38%
1996 2002 Vincent Candela
38%
2022 - Adrien Truffert
37%
2003 2009 Jean-Alain Boumsong
37%
2001 2006 Mikaël Silvestre
37%
2018 2018 Alassane Pléa
35%
2006 2008 François Clerc
35%
2003 2007 Jérôme Rothen
35%
2012 2015 Mapou Yanga-Mbiwa
35%
2002 2004 Olivier Kapo
35%
2015 2015 Paul-Georges Ntep
35%
2025 - Pierre Kalulu
35%
2007 2008 Sébastien Frey
34%
1999 2003 Ulrich Ramé
34%
2013 2015 Geoffrey Kondogbia
33%
2020 2020 Ruben Aguilar
33%
2012 2013 Etienne Capoue
32%
1999 2004 Johan Micoud
32%
2021 - Nordi Mukiele
32%
2010 2010 Aly Cissokho
31%
2002 2005 Benoît Pedretti
31%
2023 - Jean-Clair Todibo
31%
2010 2010 Marc Planus
31%
2008 2008 Steve Savidan
31%
1999 2006 Vikash Dhorasoo
31%
2001 2001 Zoumana Camara
31%
2008 2010 Rod Fanni
30%
2016 2016 Sébastien Corchia
30%
2002 2004 Bruno Cheyrou
29%
2006 2006 Julien Faubert
29%
2008 2012 Jimmy Briand
28%
2023 - Castello Lukeba
27%
2008 2008 Florent Sinama-Pongolle
27%
2007 2008 Mathieu Flamini
27%
2001 2004 Olivier Dacourt
27%
2006 2006 Pascal Chimbonda
27%
2004 2006 Gaël Givet
26%
2004 2009 Peguy Luyindula
25%
2011 2011 Younès Kaboul
25%
2010 2011 Charles N'Zogbia
24%
2001 2002 Eric Carrière
24%
2006 2010 Julien Escudé
24%
2025 - Loïc Badé
24%
2013 2014 Joshua Guilavogui
23%
2012 2012 Morgan Amalfitano
23%
1996 2001 Sabri Lamouchi
23%
1997 2001 Lionel Letizi
22%
2010 2010 Mickaël Ciani
21%
2000 2002 Philippe Christanval
21%
2000 2004 Steve Marlet
21%
2004 2005 Camel Meriem
20%
2005 2005 Franck Jurietti
20%
1998 2000 Frédéric Dehu
19%
1998 2000 Tony Vairelles
19%
2007 2007 Frédéric Piquionne
18%
2005 2005 Jonathan Zebina
18%
2001 2001 Frédéric Née
17%
2001 2001 Nicolas Gillet
16%
1999 2001 Laurent Robert
15%
2003 2003 Ousmane Dabo
14%
2000 2000 Richard Dutruel
14%
2001 2002 Jérémie Brechet
13%
1996 2000 Martin Djetou
12%
2002 2004 Daniel Moreira
11%
Aucun quiz correspondant
Distribution des résultats
% des personnes avec chaque résultat
Percentile par nombre de réponses
Votre historique - résultats
Vous n’avez pas pris ce quiz depuis la dernière actualisation